<?xml version="1.0" encoding="UTF-8"?><?xml-stylesheet type="text/xsl" href="static/style.xsl"?><OAI-PMH xmlns="http://www.openarchives.org/OAI/2.0/" xmlns:xsi="http://www.w3.org/2001/XMLSchema-instance" xsi:schemaLocation="http://www.openarchives.org/OAI/2.0/ http://www.openarchives.org/OAI/2.0/OAI-PMH.xsd"><responseDate>2026-04-27T08:16:03Z</responseDate><request verb="GetRecord" identifier="oai:uvadoc.uva.es:10324/18062" metadataPrefix="marc">https://uvadoc.uva.es/oai/request</request><GetRecord><record><header><identifier>oai:uvadoc.uva.es:10324/18062</identifier><datestamp>2025-02-05T11:05:31Z</datestamp><setSpec>com_10324_38</setSpec><setSpec>col_10324_852</setSpec></header><metadata><record xmlns="http://www.loc.gov/MARC21/slim" xmlns:doc="http://www.lyncode.com/xoai" xmlns:xsi="http://www.w3.org/2001/XMLSchema-instance" xmlns:dcterms="http://purl.org/dc/terms/" xsi:schemaLocation="http://www.loc.gov/MARC21/slim http://www.loc.gov/standards/marcxml/schema/MARC21slim.xsd">
<leader>00925njm 22002777a 4500</leader>
<datafield tag="042" ind1=" " ind2=" ">
<subfield code="a">dc</subfield>
</datafield>
<datafield tag="720" ind1=" " ind2=" ">
<subfield code="a">García Sánchez, Almudena</subfield>
<subfield code="e">author</subfield>
</datafield>
<datafield tag="260" ind1=" " ind2=" ">
<subfield code="c">2016</subfield>
</datafield>
<datafield tag="520" ind1=" " ind2=" ">
<subfield code="a">Soporte flexible de silicona que se fija a la superficie por medio de ventosas.&#xd;
Capaz de contener tres botellas de HDPE en posición vertical y hacia&#xd;
abajo con capacidad de 300 ml cada una.&#xd;
Botellas de 15 cm de altura con tapón antigoteo diseñadas para contener&#xd;
productos de aseo personal. Dicho contenido se obtendrá al apretar las&#xd;
botellas y tener abierto el tapón. Tapón con mecanismo de bloqueo del canal&#xd;
de salida, que se activa por medio de un giro de noventa grados en la&#xd;
parte móvil e inferior del tapón.&#xd;
Independencia botellas - soporte y posibilidad de traslado del conjunto recogido&#xd;
haciendo unas dimensiones de un cilindro de 15 cm de diámetro y&#xd;
15 cm de altura.&#xd;
Diseñado con el objetivo de facilitar el aseo diario y reducir la producción&#xd;
de residuos en el entorno tanto doméstico, laboral o de ocio; por medio del empleo de productos suministrados en forma de eco recargas.</subfield>
</datafield>
<datafield tag="024" ind2=" " ind1="8">
<subfield code="a">http://uvadoc.uva.es/handle/10324/18062</subfield>
</datafield>
<datafield ind1=" " ind2=" " tag="653">
<subfield code="a">Envases-Diseño</subfield>
</datafield>
<datafield tag="245" ind1="0" ind2="0">
<subfield code="a">Envases y soporte para productos de aseo personal en el entorno ducha.</subfield>
</datafield>
</record></metadata></record></GetRecord></OAI-PMH>